Digital video electronics with 12 complete projects
Đã lưu trong:
| Hovedforfatter: | |
|---|---|
| Format: | Bog |
| Sprog: | Undetermined |
| Udgivet: |
New York
McGraw-Hill
2004
|
| Fag: | |
| Tags: |
Tilføj Tag
Ingen Tags, Vær først til at tagge denne postø!
|
| Thư viện lưu trữ: | Trung tâm Học liệu Trường Đại học Cần Thơ |
|---|
| LEADER | 00577nam a2200205Ia 4500 | ||
|---|---|---|---|
| 001 | CTU_93211 | ||
| 008 | 210402s9999 xx 000 0 und d | ||
| 020 | |c 28.45 | ||
| 082 | |a 006.6 | ||
| 082 | |b C415 | ||
| 100 | |a Cernasov, Andrei | ||
| 245 | 0 | |a Digital video electronics with 12 complete projects | |
| 245 | 0 | |c Andrei Cernasov | |
| 260 | |a New York | ||
| 260 | |b McGraw-Hill | ||
| 260 | |c 2004 | ||
| 650 | |a Digital electronics,Digital video | ||
| 650 | |x Equipment and supplies | ||
| 904 | |i Tuyến,Hải | ||
| 980 | |a Trung tâm Học liệu Trường Đại học Cần Thơ | ||